000 00895nam a2200241 a 4500
001 000035052
005 20200930074055.0
008 111024s1954 ag 000 0 spa d
040 _aDO-SdBNP
_bspa
_cBNPHU
082 _axxxx
_bW422S
100 1 _aWeil, Simone
_960689
240 1 0 _aLettre á un religieux
245 1 0 _aCarta a un religioso.
_lEspañol
_cSimone Weil ; traducción de María Eugenia Valentié.
260 _aBuenos Aires :
_bEditorial Sudamericana,
_c1954.
300 _a63 p. ;
_c21 cm.
490 1 _aBiblioteca de filosofía
500 _aTraducido del francés
500 _aColección Biblioteca de filosofía dirigida por el profesor Juan Adolfo Vázquez
590 _aPerteneció a la biblioteca personal de Juan Isidro Jimenes Grullón.
700 1 _aValentié, María Eugenia Valentié
_etr.
_960690
830 0 _aBiblioteca de filosofía
_960691
049 _aBNGR
999 _c34543
_d34543